| 000 | 00540nam a22002057a 4500 | ||
|---|---|---|---|
| 003 | OSt | ||
| 005 | 20130508101011.0 | ||
| 008 | 130410s1999 sp ||||| |||| 00| 0 spa d | ||
| 020 | _a8437607566 | ||
| 040 | _cCDMR | ||
| 100 | 1 |
_9730 _aGonzález Requena, Jesús |
|
| 245 | 1 | 3 |
_aEl discurso televisivo _b: espectáculo de la posmodernidad |
| 250 | _a4a ed. | ||
| 260 |
_aMadrid _bCátedra _c1999 |
||
| 300 | _a167 p. | ||
| 490 | 0 |
_aSigno e imagen _v9 |
|
| 650 | 0 | 4 |
_9597 _aTelevisió |
| 650 | 0 | 4 |
_93349 _aAnàlisi del discurs |
| 942 |
_2udc _cMON |
||
| 999 |
_c6074 _d6074 |
||